000 00488nam a2200181Ia 4500
008 100920s9999 xx 000 0 und d
082 _b70435
_a24 थ 97
100 _aकाकडे द. स.
245 _aवंश.
260 _bचंद्रमौळी प्रकाशन, पुणे.
_c1997
300 _a160
_bसाधी
365 _b120
520 _aसायो.
630 _aवंश.
650 _aसायो.
730 _aवंश.
942 _cBOOK
999 _c712449
_d712446